000 00497nam a2200181Ia 4500
001 14564
005 20260306164923.0
008 260306t2014||||xx |||||||||||||| ||spa||
041 _aESP
082 _a515.3
_bA65
100 _aAquise Escobedo, Sergio Moisés
_eAUT
245 0 _aSolução numérica de equações diferencias parcias implícitas de primeira ordem
260 _c2014
300 _axiv, 109 páginas :
_c30 cm.
650 _aGEN
654 _aCMA
942 _cLIB
_dJUS
_fJUS
_2ddc
_n
999 _c14564
_d14564